Plain And Reinforced Concrete (Record no. 5258)

MARC details
000 -LEADER
fixed length control field 00408nam a22001697a 4500
005 - DATE AND TIME OF LATEST TRANSACTION
control field 20170829160942.0
008 - FIXED-LENGTH DATA ELEMENTS--GENERAL INFORMATION
fixed length control field 160916b xxu||||| |||| 00| 0 eng d
020 ## - INTERNATIONAL STANDARD BOOK NUMBER
ISBN 81-85240-09-4
041 ## - LANGUAGE CODE
Language code of text/sound track or separate title eng
100 ## - MAIN ENTRY--AUTHOR NAME
Personal name JAIN KRISHNA AND JAIN O.P
245 ## - TITLE STATEMENT
Title Plain And Reinforced Concrete
260 ## - PUBLICATION, DISTRIBUTION, ETC. (IMPRINT)
Name of publisher NEMCHAND
Year of publication 2007
300 ## - PHYSICAL DESCRIPTION
Number of Pages 810
490 ## - SERIES STATEMENT
Series statement VOLUME 2
650 ## - SUBJECT ADDED ENTRY--TOPICAL TERM
Topical Term ENGINEERING
942 ## - ADDED ENTRY ELEMENTS (KOHA)
Koha item type Books
Holdings
Lost status Damaged status Collection code Home library Current library Shelving location Date acquired Source of acquisition Cost, normal purchase price Accession Number Koha item type
    Reference JRU Library   SHELF -72- G 16/09/2016 PURCHASE 250.00 21282 Books
      JRU Library   SHELF-42-G 16/09/2016 PURCHASE 250.00 21283 Books
      JRU Library   SHELF-42-G 16/09/2016 PURCHASE 250.00 21284 Books
      JRU Library   SHELF-42-G 16/09/2016 PURCHASE 250.00 21285 Books